000 00300nam a22001337a 4500
008 170529b xxu||||| |||| 00| 0 eng d
020 _a3980422631
041 _ager
080 _a94
100 _a16
101 _aSHH
245 _aALLTAG IN LEIPZIG 1945-1949 RUINEN
_cSCHROTER,P
942 _2udc
_cBK
999 _c14918
_d14918